[Event "Athens Smaok 1900+ op 6th"]
[Site "Athens"]
[Date "2010.06.15"]
[Round "6.14"]
[White "Geroukalis, Athanasios"]
[Black "Melidis, Andron"]
[Result "1-0"]
[WhiteElo "1951"]
[BlackElo "1956"]
[PlyCount "53"]
[EventDate "2010.05.11"]
[EventType "swiss"]
[EventRounds "7"]
[EventCountry "GRE"]
[SourceTitle "EXT 2024"]
[Source "ChessBase"]
[SourceDate "2023.10.10"]
[SourceVersion "1"]
[SourceVersionDate "2023.10.10"]
[SourceQuality "1"]

1. e4 e6 2. d4 d5 3. Nc3 Bb4 4. Bd3 dxe4 5. Bxe4 Nf6 6. Bg5 h6 7. Bxf6 Qxf6 8. Nf3 c5 9. 0-0 0-0 10. Nb5 Nc6 11. c3 Ba5 12. dxc5 Qf4 13. Qc2 f5 14. Bxc6 bxc6 15. Nd6 Ba6 16. Rfe1 Rf6 17. Rad1 Rg6 18. Ne5 Rf6 19. Rd4 Qg5 20. Ra4 Bxc3 21. bxc3 Bb5 22. Rd4 Rb8 23. f4 Qh5 24. c4 Ba6 25. Rd3 Qh4 26. g3 Qh5 27. Nd7 1-0

[Event "Athens Smaok 1900+ op 6th"]
[Site "Athens"]
[Date "2010.05.28"]
[Round "3.16"]
[White "Geroukalis, Athanasios"]
[Black "Vlahakis, Nektarios"]
[Result "1-0"]
[WhiteElo "1951"]
[BlackElo "2098"]
[PlyCount "81"]
[EventDate "2010.05.11"]
[EventType "swiss"]
[EventRounds "7"]
[EventCountry "GRE"]
[SourceTitle "EXT 2024"]
[Source "ChessBase"]
[SourceDate "2023.10.10"]
[SourceVersion "1"]
[SourceVersionDate "2023.10.10"]
[SourceQuality "1"]

1. e4 d5 2. exd5 Qxd5 3. Nc3 Qd6 4. d4 Nf6 5. Be3 c6 6. Bc4 Be6 7. Qd3 Bxc4 8. Qxc4 e6 9. Nf3 Nbd7 10. 0-0-0 Qb4 11. Qd3 Be7 12. h4 Qa5 13. Kb1 b5 14. Nd2 0-0 15. h5 Rfd8 16. Nb3 Qc7 17. Ne4 a5 18. g4 Nxg4 19. Rdg1 Nxe3 20. fxe3 f5 21. Ng5 Bxg5 22. Rxg5 a4 23. Nd2 Ne5 24. Qe2 Qe7 25. Rhg1 Ng4 26. Nf3 a3 27. b3 Ra7 28. e4 Qb4 29. c3 Qxc3 30. exf5 exf5 31. Rc1 Qe3 32. Qxe3 Nxe3 33. Rxc6 Rd5 34. Ne5 Rd8 35. Rc5 h6 36. Rg3 f4 37. Rf3 Nd5 38. Nc6 Re8 39. Nxa7 Re1+ 40. Rc1 Re2 41. Nxb5 1-0

[Event "Athens Smaok 1900+ op 6th"]
[Site "Athens"]
[Date "2010.05.11"]
[Round "1.10"]
[White "Geroukalis, Athanasios"]
[Black "Papadimitriou, Loukas"]
[Result "1/2-1/2"]
[WhiteElo "1951"]
[BlackElo "2157"]
[PlyCount "75"]
[EventDate "2010.05.11"]
[EventType "swiss"]
[EventRounds "7"]
[EventCountry "GRE"]
[SourceTitle "EXT 2024"]
[Source "ChessBase"]
[SourceDate "2023.10.10"]
[SourceVersion "1"]
[SourceVersionDate "2023.10.10"]
[SourceQuality "1"]

1. e4 e5 2. Nf3 Nf6 3. Nxe5 d6 4. Nf3 Nxe4 5. Nc3 Nxc3 6. dxc3 Be7 7. Bd3 Nd7 8. Bf4 Nc5 9. 0-0 0-0 10. Qd2 Bf6 11. Rfe1 Bg4 12. Nd4 Nxd3 13. Qxd3 Qd7 14. Re3 Rfe8 15. Rae1 a6 16. f3 Rxe3 17. Qxe3 Bh5 18. Nf5 Kf8 19. Ng3 Bg6 20. Ne4 Bh4 21. g3 Be7 22. Qd4 Re8 23. Re3 Kg8 24. Nc5 Qb5 25. Ne4 Bxe4 26. Qxe4 Qxb2 27. Bg5 f6 28. Qc4+ Kf8 29. Bf4 Qc1+ 30. Kg2 Qxc2+ 31. Re2 Qd1 32. Rd2 Qe1 33. Re2 d5 34. Qd3 Qa1 35. Qxh7 Qxc3 36. Qh8+ Kf7 37. Qh5+ Kf8 38. Qh8+ 1/2-1/2

[Event "Athens Smaok op 5th"]
[Site "Athens"]
[Date "2010.03.31"]
[Round "3.19"]
[White "Geroukalis, Athanasios"]
[Black "Hatzigeorgiou, Mihail"]
[Result "1-0"]
[WhiteElo "1937"]
[BlackElo "1898"]
[PlyCount "83"]
[EventDate "2010.03.16"]
[EventType "swiss"]
[EventRounds "7"]
[EventCountry "GRE"]
[SourceTitle "EXT 2024"]
[Source "ChessBase"]
[SourceDate "2023.10.10"]
[SourceVersion "1"]
[SourceVersionDate "2023.10.10"]
[SourceQuality "1"]

1. d4 d5 2. e3 Nf6 3. f4 Bg4 4. Nf3 e6 5. Bd3 c5 6. c3 c4 7. Bc2 Bd6 8. Nbd2 0-0 9. 0-0 Bf5 10. Ne5 Nfd7 11. e4 Bxe5 12. fxe5 Bg6 13. exd5 exd5 14. Nf3 Qb6 15. b3 Bxc2 16. Qxc2 cxb3 17. axb3 f6 18. Ba3 Re8 19. Bd6 fxe5 20. Bxe5 Nxe5 21. Nxe5 Qd6 22. Qf5 Nc6 23. Qf7+ Kh8 24. Nxc6 Qxc6 25. Rxa7 Rab8 26. Ra5 Qxc3 27. Rxd5 Re1 28. Rxe1 Qxe1+ 29. Qf1 Qe3+ 30. Kh1 Qxb3 31. Rb5 Qa3 32. h3 h6 33. Qb1 Rc8 34. Qf5 Rc1+ 35. Kh2 Qd6+ 36. Qe5 Qd7 37. Rd5 Qf7 38. Rd8+ Kh7 39. Qe4+ g6 40. Qe5 g5 41. Qh8+ Kg6 42. Rd6+ 1-0

[Event "Athens Smaok op 5th"]
[Site "Athens"]
[Date "2010.03.23"]
[Round "2"]
[White "Gklavopoulos, Evangelos"]
[Black "Geroukalis, Athanasios"]
[Result "1-0"]
[WhiteElo "1836"]
[BlackElo "1937"]
[PlyCount "59"]
[EventDate "2010.03.16"]
[EventType "swiss"]
[EventRounds "7"]
[EventCountry "GRE"]
[SourceTitle "EXT 2011"]
[Source "ChessBase"]
[SourceDate "2010.11.26"]
[SourceVersion "1"]
[SourceVersionDate "2010.11.26"]
[SourceQuality "1"]

1. d4 d5 2. g3 c6 3. Bg2 f5 4. Nh3 e6 5. 0-0 Nf6 6. f3 Bd6 7. e4 fxe4 8. fxe4 dxe4 9. Bg5 0-0 10. Bxe4 Nbd7 11. Nd2 e5 12. c3 Qe8 13. Bf5 exd4 14. Qb3+ Kh8 15. cxd4 Nb6 16. Bxc8 Qxc8 17. Bxf6 Qxh3 18. Be5 Bxe5 19. dxe5 Nd5 20. Ne4 Qg4 21. Qd3 Nf4 22. Qe3 Nh3+ 23. Kh1 Rad8 24. Nd6 Qe6 25. Rad1 Kg8 26. Qd4 Qxa2 27. Nf5 h6 28. Qg4 Nf2+ 29. Rxf2 Rxd1+ 30. Qxd1 1-0

[Event "Athens Smaok op 4th"]
[Site "Athens"]
[Date "2010.02.23"]
[Round "7"]
[White "Koerant, Filipos"]
[Black "Geroukalis, Athanasios"]
[Result "1/2-1/2"]
[WhiteElo "2061"]
[BlackElo "1947"]
[PlyCount "89"]
[EventDate "2010.01.12"]
[EventType "swiss"]
[EventRounds "7"]
[EventCountry "GRE"]
[SourceTitle "EXT 2011"]
[Source "ChessBase"]
[SourceDate "2010.11.26"]
[SourceVersion "1"]
[SourceVersionDate "2010.11.26"]
[SourceQuality "1"]

1. d4 d5 2. c4 e6 3. Nf3 c6 4. g3 f5 5. Bg2 Bd6 6. 0-0 Nf6 7. Bf4 0-0 8. Bxd6 Qxd6 9. Qc2 Ne4 10. Ne5 Nd7 11. f3 Nxe5 12. fxe4 Nxc4 13. e5 Qb4 14. Qb3 Qxb3 15. axb3 Ne3 16. Rc1 f4 17. Rc3 Nf5 18. Rd3 fxg3 19. hxg3 Bd7 20. Bh3 g5 21. Bxf5 Rxf5 22. Nd2 c5 23. Rf3 cxd4 24. Rxf5 exf5 25. Nf3 h6 26. Nxd4 Kf7 27. Ra5 Bc6 28. e6+ Kf6 29. Nxc6 bxc6 30. Ra6 Kxe6 31. Rxc6+ Ke5 32. Rxh6 Rb8 33. Ra6 Rxb3 34. Kf2 Rxb2 35. Rxa7 Rb6 36. Rh7 f4 37. gxf4+ Kxf4 38. Rd7 Rf6 39. e3+ Kg4+ 40. Kg2 Rf5 41. Re7 Kh5 42. Rh7+ Kg4 43. Re7 Rf6 44. Rd7 Rf5 45. Re7 1/2-1/2

[Event "Athens Smaok op 4th"]
[Site "Athens"]
[Date "2010.02.09"]
[Round "5"]
[White "Geroukalis, Athanasios"]
[Black "Hatzigeorgiou, Mihail"]
[Result "1-0"]
[WhiteElo "1947"]
[BlackElo "1892"]
[PlyCount "57"]
[EventDate "2010.01.12"]
[EventType "swiss"]
[EventRounds "7"]
[EventCountry "GRE"]
[SourceTitle "EXT 2011"]
[Source "ChessBase"]
[SourceDate "2010.11.26"]
[SourceVersion "1"]
[SourceVersionDate "2010.11.26"]
[SourceQuality "1"]

1. e4 c6 2. d4 d5 3. e5 c5 4. c3 Nc6 5. Nf3 Bg4 6. Be2 e6 7. 0-0 Be7 8. Nbd2 cxd4 9. cxd4 Nh6 10. Nb3 Nf5 11. h3 Bxf3 12. Bxf3 Qb6 13. Be3 0-0 14. g4 Nxe3 15. fxe3 Rac8 16. Rc1 a5 17. Qe2 a4 18. Nc5 Nxe5 19. Nxa4 Qb4 20. Nc3 Nc4 21. b3 Nd6 22. Qd3 Bg5 23. Rc2 f5 24. gxf5 Rxf5 25. Nxd5 Rxd5 26. Rxc8+ Nxc8 27. Bxd5 exd5 28. Qf5 Bxe3+ 29. Kh1 1-0

[Event "Athens Smaok op 4th"]
[Site "Athens"]
[Date "2010.01.19"]
[Round "2"]
[White "Fanourgakis, Konstantinos"]
[Black "Geroukalis, Athanasios"]
[Result "1/2-1/2"]
[WhiteElo "1885"]
[BlackElo "1947"]
[PlyCount "92"]
[EventDate "2010.01.12"]
[EventType "swiss"]
[EventRounds "7"]
[EventCountry "GRE"]
[SourceTitle "EXT 2011"]
[Source "ChessBase"]
[SourceDate "2010.11.26"]
[SourceVersion "1"]
[SourceVersionDate "2010.11.26"]
[SourceQuality "1"]

1. d4 d5 2. c4 e6 3. Nf3 c6 4. Nc3 f5 5. cxd5 exd5 6. Bg5 Be7 7. h4 Nf6 8. g3 0-0 9. Bg2 Ne4 10. Bxe7 Qxe7 11. e3 Nd7 12. 0-0 b6 13. Nxe4 fxe4 14. Ng5 Rf6 15. Qb3 Kh8 16. Rac1 Ba6 17. Rfd1 Raf8 18. Rd2 Bc4 19. Qd1 Bd3 20. a3 c5 21. Rxd3 exd3 22. Qxd3 g6 23. f4 h6 24. Nf3 Qe4 25. Qxe4 dxe4 26. Ne5 Nxe5 27. dxe5 R6f7 28. Bxe4 Kg7 29. Rd1 g5 30. Rd6 gxh4 31. Rg6+ Kh8 32. Rxh6+ Kg8 33. Bd5 Kg7 34. Rxh4 Re7 35. e4 b5 36. Kf2 Rxe5 37. Rg4+ Kh6 38. f5 Rxd5 39. exd5 Rxf5+ 40. Ke3 Rxd5 41. Rg8 c4 42. Rb8 Rd3+ 43. Ke4 Rb3 44. Rb7 Rxb2 45. Rxa7 b4 46. axb4 Rxb4 1/2-1/2